Normal view
MARC view
Entry Personal Name
001 - CONTROL NUMBER
- control field: 82283
003 - CONTROL NUMBER IDENTIFIER
- control field: dpl
005 - DATE AND TIME OF LATEST TRANSACTION
- control field: 20250624123418.0
008 - FIXED-LENGTH DATA ELEMENTS
- fixed length control field: 250624|| aca||aabn | a|a d
040 ## - CATALOGING SOURCE
- Original cataloging agency: dpl
- Transcribing agency: dpl
100 ## - HEADING--PERSONAL NAME
- Personal name: Roongta,Aarsh
670 ## - SOURCE DATA FOUND
- Source citation: Work cat.: (dpl)211921: Roongta,Aarsh, Gary Motter The Restored Legend Part-1, 2019
